000 01129nam a22003257a 4500
003 CHAP
005 20220329132938.0
008 971013s1980 r 00010 d
010 _a538
011 _a1510
035 _a686
040 _cCHAP
082 _a621.01
_bS5Y 1975
100 0 0 _aSmith, J. M.
_9107044
245 _aIntroducción a la termodinámica en ingeniería química
260 _aMéxico, D. F. :
_bMcGraw-Hill,
_c1980
300 _a608 p.
_b: gráfs.
500 _aTrad. de Introduction to chemical engineering thermodynamics, 3 ed. de 1975
590 _aBATCH-UPD
_b10
_c20130110
_lUCH01
_h1757
590 _aBATCH-UPD
_b10
_c20130410
_lUCH01
_h1134
590 _aBATCH-UPD
_b10
_c20130914
_lUCH01
_h1641
590 _aCONVERSION
_b10
_c20130109
_lUCH01
_h1302
650 1 4 _aIngeniería química.
_958271
650 1 4 _aTermodinámica.
_9112366
700 0 _aVan Ness, Hendrick C.
_9117787
901 _aBK
942 _cLIBRO
949 _a621.01 S5Y 1975
_bBC
_cLIBRO
_d33724000279576
_eLIBRO
_fc.2
_h78468
_i686
_si
_t25.33
949 _a621.01 S5Y 1975
_bBC
_cLIBRO
_d33724000596078
_eLIBRO
_gI. c/e
_h77550
_i686
_si
_t29.50
999 _c538
_d538